| 000 | 00825nam a2200265Ia 4500 | ||
|---|---|---|---|
| 008 | 160319s9999 xx 000 0 und d | ||
| 020 | _a9718836209 (pbk.) | ||
| 050 | _aFil 577 | ||
| 050 | _bS964 1997 | ||
| 245 | _a Sustainable livelihood options for the Philippines : | ||
| 245 | _b an information kit / | ||
| 245 | _cDepartment of Environment and Natural Resources. | ||
| 260 | _aQuezon City : | ||
| 260 | _bDENR-Upland Development Program, | ||
| 260 | _c1997 | ||
| 300 | _billustrations : | ||
| 300 | _c21 cm. | ||
| 440 | _vvol. 3 | ||
| 650 | _aBiotic communities | ||
| 650 | _aEcosystem management | ||
| 650 | _aForestry biotechnology -- Philippines | ||
| 650 | _aForests and forestry -- Economic aspects -- Philippines | ||
| 650 | _aSustainable development | ||
| 700 | _aCoastal ecosystem v.3. | ||
| 999 |
_c292337 _d292337 |
||